[Event "CAN-ch U10 Girls"]
[Site "Quebec"]
[Date "2008.07.14"]
[Round "1"]
[White "Cheng, Megan"]
[Black "Reiher, Laurence"]
[Result "1-0"]
[WhiteElo "1049"]
[BlackElo "1039"]
[PlyCount "149"]
[EventDate "2008.07.14"]
[EventType "swiss"]
[EventRounds "7"]
[EventCountry "CAN"]
[SourceTitle "EXT 2011"]
[Source "ChessBase"]
[SourceDate "2010.11.26"]
[SourceVersion "1"]
[SourceVersionDate "2010.11.26"]
[SourceQuality "1"]

1. e4 e5 2. Nf3 Nc6 3. Bc4 Nf6 4. Nc3 Bc5 5. 0-0 0-0 6. d3 h6 7. Nd5 Nxd5 8. Bxd5 d6 9. h3 Nd4 10. c3 Ne6 11. Bxe6 Bxe6 12. b4 Bb6 13. Re1 a6 14. d4 exd4 15. cxd4 c5 16. Nh2 cxb4 17. Qf3 Bxd4 18. Rb1 a5 19. a4 Ba2 20. Qg3 Bxb1 21. Bxh6 Rc8 22. Rxb1 Re8 23. Rd1 Qc7 24. Rxd4 Qc1+ 25. Bxc1 Rxc1+ 26. Nf1 Ra1 27. e5 dxe5 28. Rd7 Rxa4 29. Rxb7 Ra1 30. Qd3 Rc8 31. Qd7 Rf8 32. Qb5 e4 33. Kh2 Ra2 34. Ng3 a4 35. Qxb4 a3 36. Ra7 Rxf2 37. Rxa3 Re8 38. Nxe4 Rf4 39. Qb5 Rfxe4 40. Qb7 R4e7 41. Qd5 Re6 42. Ra8 Kf8 43. Rxe8+ Rxe8 44. Kg3 Re3+ 45. Kf4 Re8 46. Qc5+ Re7 47. Qc8+ Re8 48. Qg4 Rd8 49. Qg5 Rd4+ 50. Ke3 Rd6 51. Qc5 Ke7 52. Qg5+ Ke8 53. Qxg7 Re6+ 54. Kf2 Re7 55. h4 Rd7 56. h5 Rd2+ 57. Kg1 Rd1+ 58. Kh2 Rd5 59. h6 Rh5+ 60. Kg3 Rxh6 61. Qxh6 Ke7 62. Kf3 f6 63. Kf4 Ke6 64. g4 Ke7 65. g5 fxg5+ 66. Kxg5 Kd7 67. Kf5 Kc7 68. Ke5 Kb7 69. Kd5 Kc7 70. Qg6 Kb7 71. Kc5 Kc7 72. Qg7+ Kc8 73. Kd6 Kb8 74. Kc6 Ka8 75. Qb7# 1-0

[Event "CAN-ch U10 Girls"]
[Site "Quebec"]
[Date "2008.07.14"]
[Round "2"]
[White "Reiher, Laurence"]
[Black "Labrosse, Karine"]
[Result "1-0"]
[WhiteElo "1039"]
[BlackElo "786"]
[PlyCount "41"]
[EventDate "2008.07.14"]
[EventType "swiss"]
[EventRounds "7"]
[EventCountry "CAN"]
[SourceTitle "EXT 2011"]
[Source "ChessBase"]
[SourceDate "2010.11.26"]
[SourceVersion "1"]
[SourceVersionDate "2010.11.26"]
[SourceQuality "1"]

1. e4 e5 2. Nf3 Nc6 3. Bc4 Nf6 4. Nc3 Bc5 5. 0-0 0-0 6. d3 d6 7. Bg5 Bg4 8. h3 Bd7 9. Nd5 Qc8 10. Nxf6+ Kh8 11. Nxd7 Qxd7 12. Bd5 Bd4 13. Nxd4 Rfe8 14. Bxc6 bxc6 15. Nf5 g6 16. Nh6 Kg7 17. Qg4 Re6 18. Qf3 Qc8 19. Qxf7+ Kh8 20. Bf6+ Rxf6 21. Qxf6# 1-0